| 000 -LEADER |
| fixed length control field |
02817nam a2200289 a 4500 |
| 001 - CONTROL NUMBER |
| control field |
ASIN0199571279 |
| 005 - DATE AND TIME OF LATEST TRANSACTION |
| control field |
20170105102935.0 |
| 008 - FIXED-LENGTH DATA ELEMENTS--GENERAL INFORMATION |
| fixed length control field |
150901s2011 xxu eng d |
| 020 ## - INTERNATIONAL STANDARD BOOK NUMBER |
| International Standard Book Number |
0199571279 (paperback) |
| Terms of availability |
$80.00 |
| 020 ## - INTERNATIONAL STANDARD BOOK NUMBER |
| International Standard Book Number |
9780199571277 (paperback) |
| 040 ## - CATALOGING SOURCE |
| Original cataloging agency |
0 |
| 050 04 - LIBRARY OF CONGRESS CALL NUMBER |
| Classification number |
KZ6374 |
| 082 04 - DEWEY DECIMAL CLASSIFICATION NUMBER |
| Classification number |
341.584 |
| Author Mark |
OSW 2011 |
| 100 1# - MAIN ENTRY--PERSONAL NAME |
| Personal name |
Oswald, Bruce. |
| 245 10 - TITLE STATEMENT |
| Title |
Documents on the law of un peace operations / |
| Statement of responsibility, etc. |
Bruce Oswald, Helen Durham, Adrian Bates. |
| 250 ## - EDITION STATEMENT |
| Edition statement |
1st ed. |
| 260 ## - PUBLICATION, DISTRIBUTION, ETC. |
| Place of publication, distribution, etc. |
[S.l.] : |
| Name of publisher, distributor, etc. |
Oxford University Press, |
| Date of publication, distribution, etc. |
2011. |
| 300 ## - PHYSICAL DESCRIPTION |
| Extent |
624 p. ; |
| Dimensions |
25 cm. |
| 520 ## - SUMMARY, ETC. |
| Summary, etc. |
United Nations peacekeepers currently play a crucial role in international responses to threats to peace and security across the globe. Since 1948 the U.N. has been involved in over 60 peacekeeping operations. However in the current environment of complex and rapidly changing threats to peace, there has been a dramatic increase in the use of U.N. peacekeepers to deal with situations of instability. In 2009 alone over 100,000 individuals are deployed on such missions. This situation has resulted in a range of new and pressing challenges to the legal framework applicable during such collective international action. This book provides, for the first time, a comprehensive account of the legal framework regulating this area of collective international action. The book contains key documents in the areas of privileges and immunities, human rights law, international humanitarian law, and international criminal law. Types of documents featured include foundational treaties, international rules and regulations, memoranda, judgments of the International Court of Justice, and some mission specific documents. Before each document a prefatory note is included, outlining the historical development of the document as well as its relevance to U.N. peace operations. To further assist scholars and practitioners in their work, the work concludes with a guide on undertaking further legal research on the laws relevant to peace operations, a list of all U.N. peace operations and relevant enabling resolutions, and a suggested approach to interpreting Security Council mandates. From scholars and students to policy makers, representatives in the military, police and humanitarian organizations - this book will be an invaluable resource in the development of a better understanding of the legal framework surrounding the establishment, management, and conduct of peace operations that are mandated and controlled by the U.N. . |
| 650 #0 - SUBJECT ADDED ENTRY--TOPICAL TERM |
| Topical term or geographic name entry element |
Armed Forces |
| 650 #0 - SUBJECT ADDED ENTRY--TOPICAL TERM |
| Topical term or geographic name entry element |
Intervention (International law) |
| 650 #0 - SUBJECT ADDED ENTRY--TOPICAL TERM |
| Topical term or geographic name entry element |
Peacekeeping forces |
| 700 1# - ADDED ENTRY--PERSONAL NAME |
| Personal name |
Bates, Adrian. |
| 700 1# - ADDED ENTRY--PERSONAL NAME |
| Personal name |
Durham, Helen. |
| 856 40 - ELECTRONIC LOCATION AND ACCESS |
| Materials specified |
Amazon.com |
| Uniform Resource Identifier |
<a href="http://www.amazon.com/exec/obidos/ASIN/0199571279/chopaconline-20">http://www.amazon.com/exec/obidos/ASIN/0199571279/chopaconline-20</a> |
| 942 ## - ADDED ENTRY ELEMENTS (KOHA) |
| Source of classification or shelving scheme |
|
| Koha item type |
Book |